000 00506nam a2200181Ia 4500
005 20250326123531.0
008 250326s9999 xx 000 0 und d
037 _aTextbook
040 _aFMSL
_beng
_cFMSL
041 _aeng
_2eng
084 _aB2891 J8
_qFMSL
100 _aLuce R D
245 0 _aGames and decisions: Introduction and critical survey
_cLuce R D; Raiffa H
260 _aNY
_bNY, John Wiley
_c1958
300 _a509p
942 _cTB
_hB2891 J8
999 _c1269798
_d1269798